[Event "RA-2014-0-00323"]
[Site "LSS email"]
[Date "2014.05.04"]
[Round "?"]
[White "Pilipchuk, Andrey Vadimovich"]
[Black "Dehaybe, Andre"]
[Result "1-0"]
[WhiteElo "2130"]
[BlackElo "1980"]
[PlyCount "93"]
[EventDate "2014.04.14"]
[EventType "tourn (corr)"]
[EventRounds "6"]
[EventCountry "GER"]
[SourceTitle "Telechess CBM 167"]
[Source "ChessBase"]
[SourceDate "2015.07.13"]
[SourceVersion "1"]
[SourceVersionDate "2015.07.13"]
[SourceQuality "1"]

1. e4 e6 2. d4 d5 3. Nc3 Nf6 4. e5 Nfd7 5. f4 c5 6. Nf3 Nc6 7. Be3 cxd4 8. Nxd4 Bc5 9. Qd2 a6 10. 0-0-0 Nxd4 11. Bxd4 0-0 12. Qe3 Bxd4 13. Qxd4 b5 14. Bd3 Rb8 15. Ne2 Qe7 16. Qe3 Nb6 17. Qh3 g6 18. Qh6 Nc4 19. Nd4 Rb7 20. h4 Ne3 21. Rde1 Ng4 22. Qg5 h5 23. Rhf1 Nh2 24. Qxe7 Rxe7 25. Rg1 Ng4 26. Be2 Kg7 27. Bxg4 hxg4 28. Re3 Rh8 29. Rc3 b4 30. Rc5 Ra7 31. g3 Bd7 32. Rd1 a5 33. c4 dxc4 34. Rxc4 Ba4 35. b3 Bd7 36. Rd2 Rb8 37. Rc5 Rab7 38. Rxa5 Rc7+ 39. Rc2 Rxc2+ 40. Kxc2 Rc8+ 41. Kd2 Be8 42. a4 bxa3 43. Rxa3 Kf8 44. b4 Rb8 45. Kc3 Rc8+ 46. Kd3 Rb8 47. Rb3 1-0

[Event "RA-2014-0-00323"]
[Site "LSS email"]
[Date "2014.05.02"]
[Round "?"]
[White "Pilipchuk, Andrey Vadimovich"]
[Black "Cimicki, Dariusz"]
[Result "1/2-1/2"]
[WhiteElo "2130"]
[BlackElo "2082"]
[PlyCount "58"]
[EventDate "2014.04.14"]
[EventType "tourn (corr)"]
[EventRounds "6"]
[EventCountry "GER"]
[SourceTitle "Telechess CBM 167"]
[Source "ChessBase"]
[SourceDate "2015.07.13"]
[SourceVersion "1"]
[SourceVersionDate "2015.07.13"]
[SourceQuality "1"]

1. e4 e6 2. d4 d5 3. Nc3 Bb4 4. e5 c5 5. a3 Bxc3+ 6. bxc3 Ne7 7. Qg4 Kf8 8. Bd3 Qa5 9. Bd2 Qa4 10. Qh5 b6 11. Nf3 h6 12. Ng5 g6 13. Qh4 Nd7 14. Nf3 Ng8 15. 0-0 Ba6 16. Rfb1 Bxd3 17. cxd3 Kg7 18. Be3 Rc8 19. h3 Qa6 20. Rd1 c4 21. dxc4 Rxc4 22. Rdc1 Qc8 23. Rab1 Qf8 24. Qg3 Ne7 25. Nd2 Rc7 26. Qf3 Qc8 27. Nf1 Qa6 28. Ng3 Rc4 29. Re1 Nc6 1/2-1/2

[Event "BI-2014-P-0034"]
[Site "LSS email"]
[Date "2014.04.19"]
[Round "?"]
[White "Pilipchuk, Andrey Vadimovich"]
[Black "Roberts, Anthony"]
[Result "1/2-1/2"]
[WhiteElo "2119"]
[BlackElo "2162"]
[PlyCount "56"]
[EventDate "2014.04.25"]
[EventType "tourn (corr)"]
[EventRounds "10"]
[EventCountry "GER"]
[SourceTitle "Corr 2015"]
[Source "ChessBase"]
[SourceDate "2015.07.17"]
[SourceVersion "1"]
[SourceVersionDate "2015.07.17"]
[SourceQuality "1"]

1. d4 Nf6 2. c4 e6 3. Nc3 Bb4 4. f3 d5 5. a3 Bxc3+ 6. bxc3 c5 7. cxd5 exd5 8. e3 c4 9. Ne2 Nc6 10. g4 Na5 11. Bg2 Bd7 12. 0-0 Nb3 13. Ra2 0-0 14. g5 Nh5 15. e4 f6 16. gxf6 Qxf6 17. e5 Qg6 18. Be3 Bh3 19. Nc1 Nxc1 20. Bxc1 Rf5 21. Kh1 Bxg2+ 22. Rxg2 Qf7 23. Rg5 Rf8 24. Qe2 Rxg5 25. Bxg5 Qe6 26. Qg2 h6 27. Bc1 b5 28. Kg1 Nf4 1/2-1/2

[Event "BI-2014-P-0034"]
[Site "LSS email"]
[Date "2014.04.19"]
[Round "?"]
[White "Pilipchuk, Andrey Vadimovich"]
[Black "Yangibayev, N."]
[Result "1-0"]
[WhiteElo "2119"]
[BlackElo "910"]
[PlyCount "43"]
[EventDate "2014.04.25"]
[EventType "tourn (corr)"]
[EventRounds "10"]
[EventCountry "GER"]
[SourceTitle "Corr 2015"]
[Source "ChessBase"]
[SourceDate "2015.07.17"]
[SourceVersion "1"]
[SourceVersionDate "2015.07.17"]
[SourceQuality "1"]

1. e4 c6 2. d4 d5 3. e5 Bf5 4. Nf3 h6 5. Be2 e6 6. 0-0 Ne7 7. Nbd2 Bh7 8. Nb3 Nd7 9. Bd2 Nf5 10. Rc1 Be7 11. c4 0-0 12. cxd5 cxd5 13. Na5 Rb8 14. Bd3 Qb6 15. Qa4 Qd8 16. Rc3 Nb6 17. Qb3 Bg5 18. Nxg5 hxg5 19. Qb4 g4 20. Rfc1 Qh4 21. Rc7 Rfc8 22. Qxb6 1-0

[Event "BI-2014-P-0034"]
[Site "LSS email"]
[Date "2014.04.19"]
[Round "?"]
[White "Sheers, Matthew Philip"]
[Black "Pilipchuk, Andrey Vadimovich"]
[Result "0-1"]
[WhiteElo "1786"]
[BlackElo "2119"]
[PlyCount "52"]
[EventDate "2014.04.25"]
[EventType "tourn (corr)"]
[EventRounds "10"]
[EventCountry "GER"]
[SourceTitle "Corr 2015"]
[Source "ChessBase"]
[SourceDate "2015.07.17"]
[SourceVersion "1"]
[SourceVersionDate "2015.07.17"]
[SourceQuality "1"]

1. d4 Nf6 2. c4 e6 3. Nc3 d5 4. cxd5 exd5 5. Bg5 c6 6. e3 Be7 7. Bd3 Nbd7 8. Nge2 0-0 9. Qc2 Re8 10. 0-0 Nf8 11. f3 Be6 12. a3 Rc8 13. b4 h6 14. Bh4 N6d7 15. Bxe7 Qxe7 16. Na4 b6 17. Rfe1 Nf6 18. Ng3 Bd7 19. Rac1 g6 20. Nh1 c5 21. dxc5 Ne6 22. Nf2 Bxa4 23. Qxa4 bxc5 24. Bb5 Red8 25. bxc5 Rxc5 26. Ne4 dxe4 0-1

[Event "BI-2013-F-0006"]
[Site "LSS email"]
[Date "2014.02.21"]
[Round "?"]
[White "Kele, Karoly"]
[Black "Pilipchuk, Andrey Vadimovich"]
[Result "0-1"]
[WhiteElo "2006"]
[BlackElo "2130"]
[PlyCount "82"]
[EventDate "2014.02.27"]
[EventType "tourn (corr)"]
[EventRounds "10"]
[EventCountry "GER"]
[SourceTitle "Corr 2015"]
[Source "ChessBase"]
[SourceDate "2015.07.17"]
[SourceVersion "1"]
[SourceVersionDate "2015.07.17"]
[SourceQuality "1"]

1. e4 c5 2. Nf3 Nc6 3. d4 cxd4 4. Nxd4 Nf6 5. Nc3 e5 6. Ndb5 d6 7. Bg5 a6 8. Na3 b5 9. Nd5 Be7 10. Bxf6 Bxf6 11. c3 Ne7 12. Nxf6+ gxf6 13. Nc2 Bb7 14. Bd3 d5 15. exd5 Qxd5 16. Ne3 Qe6 17. a4 Rd8 18. Qc2 e4 19. Be2 0-0 20. axb5 axb5 21. Bxb5 f5 22. g3 Ng6 23. Be2 Ne5 24. 0-0 f4 25. gxf4 Nd3 26. Ra5 Kh8 27. c4 Rg8+ 28. Kh1 f6 29. Rf5 Rg6 30. Qc3 Rdg8 31. Rg5 Qh3 32. Qd4 Qh6 33. Rg4 Nxf4 34. Rxg6 Qxg6 35. Bf3 Qg7 36. Bg4 h5 37. Bf3 f5 38. Qxg7+ Rxg7 39. Bd1 Nh3 40. b4 f4 41. Bxh5 Bc8 0-1

[Event "BI-2013-F-0006"]
[Site "LSS email"]
[Date "2014.02.21"]
[Round "?"]
[White "Mudra, Oldrich"]
[Black "Pilipchuk, Andrey Vadimovich"]
[Result "0-1"]
[WhiteElo "2033"]
[BlackElo "2130"]
[PlyCount "98"]
[EventDate "2014.02.27"]
[EventType "tourn (corr)"]
[EventRounds "10"]
[EventCountry "GER"]
[SourceTitle "Corr 2015"]
[Source "ChessBase"]
[SourceDate "2015.07.17"]
[SourceVersion "1"]
[SourceVersionDate "2015.07.17"]
[SourceQuality "1"]

1. d4 Nf6 2. c4 e6 3. Nf3 b6 4. g3 Ba6 5. b3 Bb4+ 6. Bd2 Be7 7. Bg2 c6 8. Bc3 d5 9. Ne5 Nfd7 10. Nxd7 Nxd7 11. Nd2 0-0 12. 0-0 f5 13. Rc1 Ba3 14. Rb1 Bd6 15. b4 Nf6 16. c5 Bc7 17. Re1 Ne4 18. Nxe4 fxe4 19. Qd2 h5 20. a4 Qe8 21. Qg5 Rf5 22. Qc1 h4 23. Bd2 b5 24. Bh3 Rf8 25. a5 Bc8 26. Bg5 e5 27. Bxc8 Qxc8 28. dxe5 Qh3 29. Bf4 Rae8 30. Qe3 Bxe5 31. Red1 hxg3 32. Bxg3 Qh5 33. Bxe5 Rxe5 34. Kh1 Ref5 35. Rf1 R8f7 36. f3 exf3 37. exf3 Rxf3 38. Rxf3 Rxf3 39. Qe2 Qf5 40. Rg1 Rf2 41. Qg4 Qe5 42. Qc8+ Rf8 43. Qg4 Rf5 44. Rg3 d4 45. Qd1 Qe4+ 46. Kg1 Kf7 47. a6 g6 48. h3 Kf6 49. Qd2 Qf4 0-1